Write Better Speak better (Record no. 298469)
[ view plain ]
| 000 -LEADER | |
|---|---|
| fixed length control field | 00254 a2200109 4500 |
| 001 - CONTROL NUMBER | |
| control field | 63396 |
| 082 ## - DEWEY DECIMAL CLASSIFICATION NUMBER | |
| Classification number | 808.51 REA |
| 090 ## - LOCALLY ASSIGNED LC-TYPE CALL NUMBER (OCLC); LOCAL CALL NUMBER (RLIN) | |
| -- | 37449 |
| -- | 37449 |
| 100 ## - MAIN ENTRY--PERSONAL NAME | |
| Personal name | Readers digest asso |
| 245 ## - TITLE STATEMENT | |
| Title | Write Better Speak better |
| Medium | English |
| 260 ## - PUBLICATION, DISTRIBUTION, ETC. | |
| Name of publisher, distributor, etc. | Reader Digest |
| 942 ## - ADDED ENTRY ELEMENTS (KOHA) | |
| Institution code [OBSOLETE] | CAE NUST |
| Call number prefix | 808.51 REA |
| Withdrawn status | Lost status | Damaged status | Not for loan | Collection code | Permanent Location | Current Location | Date acquired | Total Checkouts | Full call number | Barcode | Date last seen | Price effective from | Koha item type |
|---|---|---|---|---|---|---|---|---|---|---|---|---|---|
| College of Aeronautical Engineering (CAE) | College of Aeronautical Engineering (CAE) | 04/03/2017 | 808.51 REA | CAEG-5494 | 04/05/2017 | 04/05/2017 | Book |
